Countries that Bordered the Iron Curtain - Statistics

General Stats
  • This quiz has been taken 29 times
    7 since last reset
  • The average score is 9 of 12
Answer Stats
Answer % Correct
East Germany
100%
West Germany
100%
Austria
83%
Greece
83%
Hungary
83%
Yugoslavia
83%
Czechoslovakia
67%
Soviet Union
67%
Turkey
67%
Bulgaria
50%
Finland
50%
Norway
33%
No matching quizzes found
Score Distribution
Percent of People with Each Score
Percentile by Number Answered
Your Score History
You have not taken this quiz since the last reset